| 000 | 01136nam a22003377a 4500 | ||
|---|---|---|---|
| 003 | CHAP | ||
| 005 | 20220329133805.0 | ||
| 008 | 971013s1989 mx r 00010 spa d | ||
| 010 | _a10936 | ||
| 011 | _a11908 | ||
| 035 | _a11724 | ||
| 040 | _cCHAP | ||
| 090 | _aFolleto 8941 | ||
| 100 | 0 | 0 |
_aLabourdette Morales, Ernesto. _964293 |
| 245 | 1 |
_aBovinos productores de carne _b: situación e importancia en el País |
|
| 260 |
_aChapingo, Méx. : _bUACH. Departamento de Zootecnia, _c1989 |
||
| 300 | _a25 h. | ||
| 500 | _ac.5-6 en bodega | ||
| 590 |
_aBATCH-UPD _b10 _c20130110 _lUCH01 _h0301 |
||
| 590 |
_aBATCH-UPD _b10 _c20130110 _lUCH01 _h1912 |
||
| 590 |
_aCONVERSION _b10 _c20130109 _lUCH01 _h1307 |
||
| 650 | 1 | 4 |
_aGanado de carne. _945067 |
| 650 | 1 | 4 |
_aGanado vacuno. _945425 |
| 710 | 0 |
_aUACH. Departamento de Zootecnia. _9115904 |
|
| 901 | _aBK | ||
| 942 | _cFOLL | ||
| 949 |
_aFolleto 8941 _bBC _cFOLL _d-77388 _eTS1 _i11724 _si |
||
| 949 |
_aFolleto 8941 _bBC _cFOLL _d-77389 _eTS2 _fc.2 _i11724 _si |
||
| 949 |
_aFolleto 8941 _bBC _cFOLL _d-77390 _eTS2 _fc.3 _i11724 _si |
||
| 949 |
_aFolleto 8941 _bBC _cUACH _d-139845 _eUACH _fc.4 _i11724 _si |
||
| 999 |
_c10936 _d10936 |
||